[Event "Albox op"]
[Site "Albox"]
[Date "2002.07.26"]
[Round "9.3"]
[White "Dziuba, Marcin"]
[Black "Movsziszian, Karen"]
[Result "1-0"]
[WhiteElo "2454"]
[BlackElo "2494"]
[PlyCount "75"]
[EventDate "2002.07.??"]

1. d4 f5 2. g3 Nf6 3. Bg2 g6 4. Nf3 Bg7 5. O-O O-O 6. b4 d6 7. Bb2 c6 8. c4 Kh8
9. Nbd2 Be6 10. a4 Bg8 11. Qc2 Nbd7 12. b5 Qe8 13. Ne1 Rc8 14. bxc6 bxc6 15.
Nd3 e5 16. dxe5 dxe5 17. e4 f4 18. gxf4 exf4 19. Nxf4 Ne5 20. Nd3 Nxd3 21. Qxd3
Rd8 22. Qe3 Ng4 23. Bxg7+ Kxg7 24. Qxa7+ Rd7 25. Qa5 Qe5 26. Qxe5+ Nxe5 27. Nb3
Bxc4 28. Nc5 Rd2 29. f4 Ng4 30. Rfd1 Rb2 31. Rab1 Re2 32. Rd4 Rxf4 33. Rxc4
Rff2 34. Bh1 Nxh2 35. Rc3 g5 36. Rg3 h5 37. Rxg5+ Kh6 38. Rf5 1-0

[Event "Albox op"]
[Site "Albox"]
[Date "2002.07.26"]
[Round "9.4"]
[White "Komljenovic, Davor"]
[Black "Saldano, Horacio"]
[Result "1/2-1/2"]
[WhiteElo "2459"]
[BlackElo "2421"]
[PlyCount "66"]
[EventDate "2002.07.??"]

1. d4 d5 2. c4 c6 3. Nf3 Nf6 4. Nc3 dxc4 5. a4 Bf5 6. Ne5 Nbd7 7. Nxc4 Nb6 8.
Ne5 a5 9. f3 Nfd7 10. Nd3 Bxd3 11. Qxd3 e5 12. e4 Bb4 13. Be3 exd4 14. Qxd4 O-O
15. Be2 Bc5 16. Qd2 Qe7 17. O-O Ne5 18. Bxc5 Qxc5+ 19. Kh1 Rfd8 20. Qc2 Nec4
21. Bxc4 Nxc4 22. Rfd1 Ne5 23. h3 Qe3 24. Rxd8+ Rxd8 25. Rd1 Rxd1+ 26. Nxd1 Qd3
27. Qxd3 Nxd3 28. Kg1 Kf8 29. Kf1 Ke7 30. g3 Nc5 31. Nc3 Nd3 32. Nd1 Nc5 33.
Nc3 Nd3 1/2-1/2

[Event "Albox op"]
[Site "Albox"]
[Date "2002.07.26"]
[Round "9.5"]
[White "Perez Candelario, Manuel"]
[Black "Perez, Rodney"]
[Result "1/2-1/2"]
[WhiteElo "2408"]
[BlackElo "2435"]
[PlyCount "21"]
[EventDate "2002.07.??"]

1. e4 e5 2. Nf3 Nf6 3. Nxe5 d6 4. Nf3 Nxe4 5. Qe2 Qe7 6. d3 Nf6 7. Bg5 Qxe2+ 8.
Bxe2 Nbd7 9. Nc3 a6 10. O-O h6 11. Bd2 1/2-1/2

[Event "Albox op"]
[Site "Albox"]
[Date "2002.07.26"]
[Round "9.6"]
[White "Ibarra Jerez, Jose Carlos"]
[Black "Rivas Pastor, Manuel"]
[Result "1/2-1/2"]
[WhiteElo "2368"]
[BlackElo "2417"]
[PlyCount "56"]
[EventDate "2002.07.??"]

1. e4 e6 2. d4 d5 3. Nd2 dxe4 4. Nxe4 Nd7 5. Bd3 Ngf6 6. Qe2 c5 7. Nxf6+ Nxf6
8. dxc5 Bxc5 9. Nf3 O-O 10. Bd2 b6 11. O-O-O Bb7 12. Kb1 Qe7 13. Ne5 Rad8 14.
Rhf1 Bxg2 15. Rg1 Qb7 16. Ng4 Bd4 17. Bg5 Kh8 18. Nxf6 Bf3 19. Qf1 Bxf6 20.
Bxf6 gxf6 21. Qh3 f5 22. Ba6 Rxd1+ 23. Rxd1 Qxa6 24. Qh6 Rc8 25. Qf6+ Kg8 26.
Rd8+ Rxd8 27. Qxd8+ Kg7 28. Qg5+ Kf8 1/2-1/2

[Event "Albox op"]
[Site "Albox"]
[Date "2002.07.26"]
[Round "9.7"]
[White "Perez, Luis Manuel"]
[Black "Moreno Tejera, Emilio"]
[Result "1-0"]
[WhiteElo "2384"]
[BlackElo "2365"]
[PlyCount "71"]
[EventDate "2002.07.??"]

1. e4 c5 2. Nf3 d6 3. d4 Nf6 4. Nc3 cxd4 5. Nxd4 a6 6. Bg5 e6 7. f4 Nbd7 8. Qf3
Be7 9. O-O-O Qc7 10. g4 b5 11. Bxf6 Nxf6 12. g5 Nd7 13. f5 Bxg5+ 14. Kb1 Ne5
15. Qh5 Qd8 16. fxe6 g6 17. exf7+ Kxf7 18. Qe2 Kg7 19. Nd5 Ra7 20. Qe1 Bh4 21.
Qc3 Rf7 22. Bh3 Rhf8 23. Be6 b4 24. Qxb4 Rb7 25. Qc3 Bf2 26. Nc6 Qe8 27. Nxe5
dxe5 28. Bxc8 Qxc8 29. Qxe5+ Kh6 30. h4 Qb8 31. Qc3 Qg3 32. Qd2+ Kh5 33. Nf6+
Rxf6 34. Qd5+ Kh6 35. Qxb7 Rb6 36. Qd5 1-0

[Event "Albox op"]
[Site "Albox"]
[Date "2002.07.26"]
[Round "9.8"]
[White "Garcia Mendoza, Francisco"]
[Black "Hernando Rodrigo, Jose M"]
[Result "0-1"]
[WhiteElo "1912"]
[BlackElo "2393"]
[PlyCount "82"]
[EventDate "2002.07.??"]

1. e4 d5 2. exd5 Qxd5 3. Nc3 Qa5 4. d4 Nf6 5. Bc4 Nc6 6. Nge2 Bg4 7. f3 Be6 8.
Bxe6 fxe6 9. O-O O-O-O 10. f4 e5 11. fxe5 Nxe5 12. Qe1 Nc6 13. Be3 Ng4 14. Bf4
e5 15. d5 exf4 16. dxc6 g5 17. Nxf4 Bc5+ 18. Kh1 Nf2+ 19. Rxf2 Bxf2 20. Qe6+
Kb8 21. Nfd5 Bb6 22. b4 Qa3 23. Rb1 Rd6 24. Qe1 bxc6 25. Rb3 Re6 26. Qf1 Qxb3
27. axb3 Rhe8 28. Nxb6 axb6 29. Kg1 Re1 30. Kf2 Rxf1+ 31. Kxf1 Kc8 32. Kf2 Kd7
33. Kf3 h6 34. g3 Kd6 35. h3 Re1 36. Ne2 Ke5 37. g4 Rf1+ 38. Kg2 Rd1 39. Kf2
Rd2 40. c3 Ke4 41. Ke1 Kd3 0-1

[Event "Albox op"]
[Site "Albox"]
[Date "2002.07.26"]
[Round "9.9"]
[White "Rodriguez Boado, Martin"]
[Black "Granero Roca, Antonio"]
[Result "0-1"]
[WhiteElo "2183"]
[BlackElo "2351"]
[PlyCount "95"]
[EventDate "2002.07.??"]

1. e4 c5 2. c3 Nf6 3. e5 Nd5 4. Qf3 e6 5. Qg3 Nc6 6. Bb5 Qc7 7. f4 d6 8. Nf3
Bd7 9. Na3 a6 10. Bc4 O-O-O 11. O-O g6 12. d4 Kb8 13. Bxd5 exd5 14. Be3 c4 15.
Nh4 Ne7 16. Qf3 Qc6 17. Nc2 a5 18. Bd2 Nf5 19. Qf2 Be7 20. Nf3 h5 21. b3 Be6
22. Rfe1 Rc8 23. Rab1 Rhd8 24. Rb2 Rc7 25. Reb1 Qa6 26. Qf1 Nh6 27. bxc4 dxc4
28. Rb6 Qa8 29. Ng5 Bf5 30. Qc1 Rdd7 31. R1b5 Kc8 32. Ne3 Rc6 33. Nd5 Bd8 34.
Qa3 a4 35. exd6 Rdxd6 36. Rxc6+ bxc6 37. Qxd6 cxb5 38. Qc5+ Kd7 39. Nf3 f6 40.
Qxb5+ Qc6 41. Qxc6+ Kxc6 42. Ne3 Bb1 43. a3 Kb5 44. Bc1 Nf7 45. Nd2 Bd3 46. Kf2
Nd6 47. Kf3 Kc6 48. h3 {Ilegible} 0-1

[Event "Albox op"]
[Site "Albox"]
[Date "2002.07.26"]
[Round "9.11"]
[White "Gavilan Diaz, Mario"]
[Black "Gomez Gomez, Salvador"]
[Result "0-1"]
[WhiteElo "1995"]
[BlackElo "2186"]
[PlyCount "69"]
[EventDate "2002.07.??"]

1. e4 e6 2. Nf3 d5 3. e5 c5 4. g3 Nc6 5. Bg2 f6 6. exf6 Nxf6 7. O-O Bd6 8. Re1
O-O 9. d3 e5 10. Nc3 d4 11. Ne4 Nxe4 12. Rxe4 Qf6 13. Qd2 Be6 14. Ng5 Bf5 15.
Re1 Rac8 16. Ne4 Bxe4 17. Bxe4 Rc7 18. Qe2 Kh8 19. a3 Nd8 20. Rf1 Ne6 21. Qh5
g6 22. Qg4 Kg7 23. h4 h5 24. Qe2 b6 25. a4 Rh8 26. Qf3 c4 27. dxc4 Rxc4 28.
Qxf6+ Kxf6 29. Bd3 Rc7 30. Bd2 a5 31. f3 Nc5 32. Bb5 Kg7 33. c3 Nb3 34. Rad1
Nxd2 35. Rxd2 {Ilegible} 0-1

[Event "Albox op"]
[Site "Albox"]
[Date "2002.07.24"]
[Round "4.1"]
[White "Perez Candelario, Manuel"]
[Black "Rustemov, Alexander"]
[Result "0-1"]
[WhiteElo "2408"]
[BlackElo "2598"]
[Annotator "Rustemov,A"]
[PlyCount "86"]
[EventDate "2002.07.??"]

{Partida Candidata al Premio de Belleza Jaan Eslon y David Garcia Ilundain} 1.
e4 e6 2. d4 d5 3. Nd2 dxe4 4. Nxe4 Bd7 5. Nf3 Bc6 6. Bd3 Nd7 7. O-O Ngf6 8.
Ned2 Be7 9. Re1 O-O 10. Nc4 Bd5 $5 (10... b6 11. Nce5 Bb7 12. Qe2 $14 {
Kruppa-Rustemov, Memorial Boleslavsky, Minsk, 1996}) 11. Nce5 c5 12. c4 Bxf3
13. Nxf3 (13. Qxf3 cxd4 14. Qxb7 Qa5 $1 15. Bf4 Rab8 16. Qf3 Rxb2 17. Nc6 Qc5
18. Bc1 $1 Rb6 19. Nxe7+ Qxe7 20. Ba3 $1 Nc5 21. Re5 Nfd7 22. Bxc5 Nxc5 23.
Bxh7+ Kxh7 24. Qh3+ $1 (24. Qh5+ Kg8 25. Rxc5 Rd8 $17) 24... Kg8 25. Rh5 f5 $8
26. Rh8+ Kf7 27. Qh5+ Kf6 28. Qh4+ $11) 13... cxd4 14. Nxd4 h6 (14... Bc5 $5) (
14... Bb4 $5) 15. a3 a5 16. b3 Bc5 17. Nb5 Nb8 $1 {Beep Move. The idea to take
under control very important squares d4 and b4, b4 removing the khight to c6.
Black shall keep blockade the queen side. Also black open d-file} 18. Bb2 Nc6
19. Qf3 Qe7 20. Rad1 (20. Bxf6 Qxf6 21. Qxf6 gxf6 22. Be4 f5) 20... Rfd8 21.
Qg3 $6 (21. g3 $5) 21... Kf8 $1 {
the part of the dark-squares strategy, now black is ready to play Nd4} (21...
Nd4 $2 22. Nxd4 Bxd4 23. Bxd4 Rxd4 24. Bh7+ $1) 22. Bc2 Rxd1 23. Rxd1 Rd8 24.
Rxd8+ Qxd8 25. Bc3 Qe7 26. Bb2 e5 {Continue the dark-squares strategy} 27. h3
Nd4 28. Nxd4 Bxd4 29. Bc1 (29. Bxd4 exd4 $15) 29... Qc5 30. Qf3 (30. Bd3 b5 $1
$36) 30... a4 $1 31. Qxb7 (31. Bd2 axb3 $1 32. Bxb3 (32. Bb4 $2 bxc2 $3 33.
Bxc5+ Kg8 $1 34. Qe3 Bb2 $1 $19) 32... e4 33. Qg3 Qxa3 $17) 31... Bxf2+ 32. Kh2
(32. Kh1 axb3 33. Qxb3 Qc7 $1 $36) (32. Kf1 $5) 32... axb3 33. Bxb3 $6 {
And with another moves there is some difficulties for white.} ({For example} 
33. Qxb3 Qc7 $1 $36) ({ore} 33. Qb8+ Ke7 34. Qxb3 Qc7 {with iniciavive}) 33...
Kg8 $3 {Very strong move. Black avoid the possible exchange of queens (after
Qb4) and create the attack.} 34. Qa8+ $2 {
the Mistake. My young talented opponent overlooked my 35th move} (34. Bc2 $1 {
was correct with chances to defense after} 34... e4 ({or} 34... g5 35. Qf3) 35.
Qb8+ Kh7 36. Qf4) 34... Kh7 35. Bc2+ e4 $1 {that is!} 36. Bxe4+ {
white queen is far away and can't help  for own army} ({a)} 36. Qb8 Qxc4 37.
Qb1 Nh5 38. Bxe4+ g6 $19) ({b)} 36. Bf4 Qxc4 37. Qa4 Qf1 38. Bxe4+ g6 $19) ({c)
} 36. Qa4 Qe5+ 37. Kh1 Qc3 $19) 36... g6 37. Bf4 $1 {the best practical chance}
({not enough} 37. Qc6 Qe5+) ({or} 37. Bf3 Qe5+) 37... Qxc4 $3 {thats funny but
Fritz computer programm doesn't see "my combination" and giving 37...Qd4-/+ as
the best continuation} 38. Qf8 $1 (38. Qc6 Qf1 $19) 38... Nxe4 $1 39. Qxh6+ (
39. Be5 Nf6 $1 40. Qe7 (40. Bxf6 $2 Qf4+) 40... Bh4 {with the idea Bg5 -f4})
39... Kg8 40. Be5 Bg1+ $3 {the point of combination} 41. Kh1 (41. Kxg1 Qc5+)
41... Ng3+ $1 {white resignes, because with both soon mate is coming} 42. Kxg1
({or} 42. Bxg3 Qf1 43. Bf2) 42... Qc5+ 43. Kh2 Qxe5 0-1